| 000 | 00489nam a2200181Ia 4500 | ||
|---|---|---|---|
| 005 | 20250423095407.0 | ||
| 008 | 250422s9999 xx 000 0 und d | ||
| 020 | _a9788131102251 | ||
| 050 | _aDS 480.84 .R38/ | ||
| 100 | _aRathod, P. B. | ||
| 245 | 0 | _aForeign policy of India | |
| 260 | _aNew Delhi | ||
| 260 | _bCommonwealth Publishers Ltd. | ||
| 260 | _c2017 | ||
| 300 | _a208 p | ||
| 650 | _aIndia--Foreign relations--1947-1984. India--Foreign relations--1984- | ||
| 942 | _cBK | ||
| 999 |
_c30140 _d30140 |
||